000 01506nam a22003617a 4500
003 CHAP
005 20220329143840.0
008 120116s2011 mx r 00010 spa d
010 _a102742
011 _a103714
035 _a114403
040 _cCHAP
090 _aTesis
100 1 _aCruz Calderón, Renata.
_929315
245 1 0 _aEvaluación de la dosis de fertilización con nitrógeno, fósforo y potacio en una plantación de árboles de navidad de (Pinus ayacahuite var veitchii Shaw) en Teziutlán, Puebla
_h[En línea]
_c/por Renata Cruz Calderón
260 _aChapingo, Méx. :
_bEl autor,
_c2011
500 _aPara ver el contenido del material haga clic en la liga
502 _aTesis (Ing. Forestal) -- UACH. División de Ciencias Forestales
590 _aALEPH
_b10
_c20130110
_lUCH01
_h1544
590 _aBATCH-UPD
_b10
_c20130110
_lUCH01
_h1202
590 _aBATCH-UPD
_b10
_c20130410
_lUCH01
_h0744
590 _aBATCH-UPD
_b10
_c20130914
_lUCH01
_h1105
590 _aBATCH-UPD
_b10
_c20140324
_lUCH01
_h1529
590 _aBATCH-UPD
_b10
_c20141002
_lUCH01
_h0852
590 _aCONVERSION
_b10
_c20130109
_lUCH01
_h1357
650 1 4 _aFertilizantes
_xEfecto en árboles.
_940532
650 1 4 _aPinus ayacahuite.
_988320
856 _3Finding aid
_uhttp://10.13.5.2/tesis/114403.pdf
_zTeclea aqui
901 _aBK
942 _cFOLL
949 _aTesis
_bBC
_cTES
_d33724002320298
_eTS1
_gDonaciØn
_h53235
_i114403
_st
949 _aTesis
_bBC
_cTES
_d33724002320330
_eTS2
_fc.2
_gDonaciØn
_h53236
_i114403
_st
999 _c102742
_d102742